Prastarý bocian nad fabrikou smrti

Bibliographic Details
Main Author: Feldek, Ľubomír, 1936- (Author)
Format: Article
Language:Slovak
Subjects:

MARC

LEADER 00000cab a2200000 a 4500
001 vtls000094280
003 SK-MaSNL
005 20260305000955.0
008 111031|1981 xo | || || 0| slo
015 |a SNBRA19rr/mm-uuuuu 
035 |a CL0104383 
040 |a SNKBUCL  |b slo  |c SNKBUCL  |e AACR2 
041 0 |a slo 
044 |a xo  |c SK 
080 |a 885.4-1  |2 1981 
100 1 |a Feldek, Ľubomír,  |d 1936-  |4 aut  |9 89477 
245 1 0 |a Prastarý bocian nad fabrikou smrti  |c Ľubomír Feldek 
650 0 7 |a slovenská poézia  |2 snkbucl  |9 215422 
655 7 |a články zo zborníkov  |2 snkbucl  |9 166140 
655 7 |a články z odboru literárna veda a krásna literatúra  |2 snkbucl  |9 770045 
655 7 |a recenzie  |2 snkbucl  |9 21907 
773 0 |i Rec.:  |t Donoval, Ján: Ohníky tvojich rubínových hviezd  |d Bratislava : Lita, 1981 
850 |a Slovenská národná knižnica 
852 |a Slovenská národná knižnica 
958 |a RK 
958 |a LX 
992 |a RZB 
999 |c 3216615  |d 3218545